书目信息 |
| 题名: |
河北省普通高校专科接本科教育公共课考试指南
|
|
| 作者: | ||
| 分册: | 政治 英语 计算机 | |
| 出版信息: | 2002 |
|
| 页数: | 337页 | |
| 开本: | 26cm | |
| 丛书名: | ||
| 单 册: | ||
| 中图分类: | G642.474 | |
| 科图分类: | ||
| 主题词: | 教育--各级 | |
| 电子资源: | ||
| ISBN: | ||
| 000 | 00545nam0 2200169 450 | |
| 001 | 0636244766 | |
| 005 | 20070802181738.90 | |
| 100 | @a20060929d2002 km y0chiy0120 ea | |
| 101 | 0 | @achi |
| 200 | 1 | @a河北省普通高校专科接本科教育公共课考试指南@Ahe bei sheng pu tong gao xiao zhuan ke jie ben ke jiao yu gong gong ke kao shi zhi nan@e2003年@h政治 英语 计算机 |
| 210 | @d2002 | |
| 215 | @a337页@d26cm | |
| 517 | 1 | @a2003年@A2003 nian |
| 606 | 0 | @a教育@x各级 |
| 690 | @aG642.474@v3 | |
| 801 | 0 | @aCN@bNISOFT@c20070802 |
| 905 | @a10447@dG642.474@e235:2(2003) | |
| 河北省普通高校专科接本科教育公共课考试指南:2003年.政治 英语 计算机.-2002 |
| 337页;26cm |
| ISBN : |
| ● |
| 相关链接 |
|
|
|
|
正题名:河北省普通高校专科接本科教育公共课考试指南
索取号:G642.474/235:2(2003)
 
预约/预借
| 序号 | 登录号 | 条形码 | 馆藏地/架位号 | 状态 | 备注 |
| 1 | 0504181 | 205041818 | 密集书库/ [索取号:G642.474/235:2(2003)] | 在馆 | |
| 2 | 0504182 | 205041827 | 密集书库/ [索取号:G642.474/235:2(2003)] | 在馆 | |
| 3 | 0791509 | 207915096 | 密集书库/ [索取号:G642.474/235:2(2003)] | 在馆 | |
| 4 | 0791643 | 207916433 | 密集书库/ [索取号:G642.474/235:2(2003)] | 在馆 |